000 00954cam a2200133 4500500
005 20260405013629.0
041 _afre
042 _adc
100 1 0 _aWahl, Alfred
_eauthor
245 0 0 _aL'Allemagne de 1945 à nos jours
260 _bArmand Colin,
_c2009.
520 _aCet ouvrage offre un panorama complet de l’histoire allemande depuis la fin de la Seconde Guerre mondiale. Il retrace les destins parallèles de la RFA et de la RDA jusqu’à la réunification et présente les racines et lignes de conduite qui font aujourd’hui de l’Allemagne la puissance majeure de l’Union européenne. Cette étude comparative des deux régimes, de part et d’autre du Mur, est inédite. L’auteur prend soigneusement en compte les dernières recherches des historiens allemands, tout en apportant un éclairage original.
856 4 1 _uhttps://shs.cairn.info/l-allemagne-de-1945-a-nos-jours--9782200354565?lang=fr&redirect-ssocas=7080
999 _c2106848
_d2106848